000 00321nam a22001337a 4500
008 170412b xxu||||| |||| 00| 0 eng d
020 _a9780721678542
041 _aeng
080 _a618
100 _a10
101 _aSHM
245 _aPRACTICAL STRATEGIES IN OBSTETRICS AND GYNECOLOGY
_cRANSOM.S.B
942 _2udc
_cBK
999 _c10529
_d10529